[Event "Heusenstamm Sparkassen op-A 6th"]
[Site "Heusenstamm"]
[Date "2019.11.24"]
[Round "6"]
[White "Gebhardt, Ulrich"]
[Black "Michels, Fabio"]
[Result "1-0"]
[WhiteElo "2072"]
[BlackElo "1800"]
[PlyCount "73"]
[EventDate "2019.11.21"]
[EventType "swiss"]
[EventRounds "7"]
[EventCountry "GER"]
[SourceTitle "CBM 194 Extra"]
[Source "ChessBase"]
[SourceDate "2020.03.31"]
[SourceVersion "1"]
[SourceVersionDate "2020.03.31"]
[SourceQuality "1"]

1. d4 Nf6 2. c4 c5 3. d5 b5 4. cxb5 a6 5. b6 g6 6. Nc3 Qxb6 7. e4 d6 8. Nf3 Bg7 9. Be2 0-0 10. 0-0 a5 11. Nd2 Ba6 12. a4 Nbd7 13. Bb5 Ne5 14. Qe2 Bxb5 15. Nxb5 Rfc8 16. b3 Ne8 17. Rb1 Nc7 18. Nc4 Qb7 19. Nbxd6 exd6 20. Nxd6 Qa6 21. Qxa6 Nxa6 22. Nxc8 Rxc8 23. Bd2 Nb4 24. Bxb4 cxb4 25. f4 Nd3 26. e5 f6 27. Rbd1 Rc3 28. Rf3 Nb2 29. Rxc3 bxc3 30. Rc1 fxe5 31. Rxc3 exf4 32. Rc8+ Kf7 33. Rc7+ Kf8 34. d6 Be5 35. Rc8+ Kf7 36. d7 Bd4+ 37. Kf1 1-0

[Event "Heusenstamm Sparkassen op-A 6th"]
[Site "Heusenstamm"]
[Date "2019.11.24"]
[Round "7"]
[White "Weber, Samuel"]
[Black "Gebhardt, Ulrich"]
[Result "1-0"]
[WhiteElo "2291"]
[BlackElo "2072"]
[PlyCount "55"]
[EventDate "2019.11.21"]
[EventType "swiss"]
[EventRounds "7"]
[EventCountry "GER"]
[SourceTitle "CBM 194 Extra"]
[Source "ChessBase"]
[SourceDate "2020.03.31"]
[SourceVersion "1"]
[SourceVersionDate "2020.03.31"]
[SourceQuality "1"]

1. c4 e5 2. g3 Nf6 3. Nc3 d5 4. cxd5 Nxd5 5. Bg2 Nb6 6. Nf3 Nc6 7. 0-0 Be7 8. d3 0-0 9. a3 Be6 10. b4 a6 11. Bb2 Qd7 12. Ne4 f6 13. Re1 Nd4 14. Nxd4 exd4 15. Rc1 Rad8 16. Nc5 Bxc5 17. bxc5 Na4 18. Ba1 Qb5 19. Bxb7 Nc3 20. Bxc3 dxc3 21. Rb1 Qxc5 22. Qc2 Rb8 23. Rec1 c6 24. Qxc3 Qxc3 25. Rxc3 Rf7 26. Rxc6 Bd5 27. Rc8+ Rxc8 28. Bxc8 1-0

[Event "Heusenstamm Sparkassen op-A 6th"]
[Site "Heusenstamm"]
[Date "2019.11.23"]
[Round "4"]
[White "Gebhardt, Ulrich"]
[Black "Reitz, Theresa"]
[Result "0-1"]
[WhiteElo "2072"]
[BlackElo "1901"]
[PlyCount "66"]
[EventDate "2019.11.21"]
[EventType "swiss"]
[EventRounds "7"]
[EventCountry "GER"]
[SourceTitle "CBM 194 Extra"]
[Source "ChessBase"]
[SourceDate "2020.03.31"]
[SourceVersion "1"]
[SourceVersionDate "2020.03.31"]
[SourceQuality "1"]

1. d4 d5 2. c4 dxc4 3. Nf3 Nf6 4. e3 Bg4 5. Bxc4 e6 6. h3 Bh5 7. 0-0 a6 8. Nc3 Nc6 9. Be2 Bd6 10. b3 0-0 11. Bb2 Qe7 12. e4 Bxf3 13. Bxf3 Rfd8 14. Ne2 Ba3 15. Qc2 Bxb2 16. Qxb2 Rd7 17. a3 Rad8 18. Rfd1 Ne5 19. Qc3 Nxf3+ 20. Qxf3 c5 21. Qe3 cxd4 22. Rxd4 Rxd4 23. Nxd4 Qc5 24. Rc1 Qxa3 25. Rc7 h6 26. Nf3 Rd1+ 27. Ne1 Qa1 28. Kf1 Qe5 29. Rxb7 Nxe4 30. Kg1 f5 31. g3 Qd5 32. Re7 Ng5 33. Kh2 Rxe1 0-1

[Event "Neumarkt am Wallersee op 16th"]
[Site "Neumarkt am Wallersee"]
[Date "2018.09.04"]
[Round "3"]
[White "Donegani, Peter"]
[Black "Gebhardt, Ulrich"]
[Result "1/2-1/2"]
[WhiteElo "2065"]
[BlackElo "2087"]
[PlyCount "45"]
[EventDate "2018.09.02"]
[EventType "swiss"]
[EventRounds "7"]
[EventCountry "AUT"]
[SourceTitle "CBM 186 Extra"]
[Source "ChessBase"]
[SourceDate "2018.08.24"]
[SourceVersion "1"]
[SourceVersionDate "2018.08.24"]
[SourceQuality "1"]

1. e4 Nf6 2. e5 Nd5 3. c4 Nb6 4. d4 d6 5. exd6 Qxd6 6. c5 Qe6+ 7. Be2 Nd5 8. Nf3 g6 9. 0-0 Bg7 10. Re1 Qd7 11. Bc4 c6 12. Bg5 e6 13. Nc3 h6 14. Bh4 0-0 15. Ne4 f5 16. Nd6 g5 17. Bxg5 hxg5 18. Nxg5 Qe7 19. Qh5 Bf6 20. Nxc8 Rxc8 21. Rxe6 Qg7 22. Bxd5 cxd5 23. Rae1 1/2-1/2